Fifa 17: North American Players 81+ Quiz Stats

Quiz not verified by Sporcle

Challenge
Share
Tweet
Embed
Score 0/32 Timer 10:00
0 Plays Today
Rating Player % Correct
83Javier Hernandez
93.3%
86/IFJavier Hernandez
93.3%
85/IFJavier Hernandez
93.3%
86/HeroKeylor Navas
91.5%
85Keylor Navas
91.1%
88/TOTSChristian Pulisic
90.1%
81/IFChristian Pulisic
90%
82/IFClint Dempsey
87.8%
81Carlos Vela
84.4%
82Carlos Vela
84.4%
84/IFCarlos Vela
84.4%
81Tim Howard
78.9%
84/IFTim Howard
78.9%
90/TOTSAndreas Guardado
78.9%
82Andreas Guardado
76.7%
84/IFAndreas Guardado
76.7%
Rating Player % Correct
89/TOTSHector Moreno
73.2%
82/IFJohn Anthony Brooks
72.2%
84/IFJohn Anthony Brooks
72.2%
83/IFHector Moreno
67.8%
87/TOTSAtiba Hutchinson
64.1%
81Miguel Layun
63.3%
84/IFMiguel Layun
63.3%
82/IFGiovanni Dos Santos
62.5%
81Bryan Ruiz
62.2%
81/IFFabian Johnson
62.2%
84/IFBryan Ruiz
62.2%
88/TOTSMarco Fabian
62%
81/IFGeoff Cameron
59.2%
81/IFMarco Fabian
56.7%
81/IFHirving Lozano
48.9%
81/MOTMAndy Najar
38.9%

You're not logged in!

Compare scores with friends on all Sporcle quizzes.
Sign Up with Email
OR
Log In

You Might Also Like...

Show Comments

Extras

Top Quizzes Today


Score Distribution

Your Account Isn't Verified!

In order to create a playlist on Sporcle, you need to verify the email address you used during registration. Go to your Sporcle Settings to finish the process.